<?xml version="1.0" encoding="UTF-8"?>
<record
    xmlns:xsi="http://www.w3.org/2001/XMLSchema-instance"
    xsi:schemaLocation="http://www.loc.gov/MARC21/slim http://www.loc.gov/standards/marcxml/schema/MARC21slim.xsd"
    xmlns="http://www.loc.gov/MARC21/slim">

  <leader>02232agaaa2200337   4500</leader>
  <controlfield tag="001">3902</controlfield>
  <controlfield tag="003">IT-RoPAU</controlfield>
  <controlfield tag="005">20220918181245.0</controlfield>
  <controlfield tag="007">d cvaizq</controlfield>
  <controlfield tag="008">50131s9999||||xx ||| |     ||   ||und||</controlfield>
  <datafield tag="040" ind1=" " ind2=" ">
    <subfield code="a">IT-RoPAU</subfield>
    <subfield code="c">IT-RoPAU</subfield>
  </datafield>
  <datafield tag="041" ind1=" " ind2=" ">
    <subfield code="a">ITALIANO</subfield>
  </datafield>
  <datafield tag="100" ind1=" " ind2=" ">
    <subfield code="a">N.d.</subfield>
    <subfield code="9">35592</subfield>
  </datafield>
  <datafield tag="130" ind1=" " ind2=" ">
    <subfield code="a">SANTI E PACCATORI-3-ALLA GUIDA DELL'OCCIDENTE</subfield>
    <subfield code="9">35593</subfield>
  </datafield>
  <datafield tag="240" ind1=" " ind2=" ">
    <subfield code="a">SAINTS AND SINNERS - SET OVER NATIONS</subfield>
    <subfield code="g">T3365</subfield>
  </datafield>
  <datafield tag="245" ind1=" " ind2=" ">
    <subfield code="a">SANTI E PECCATORI-3-ALLA GUIDA DELL'OCCIDENTE</subfield>
    <subfield code="c">Prodotto da: Studio P.V. Diretto da: N.d.</subfield>
    <subfield code="p">SANTI E PECCATORI-3-ALLA GUIDA DELL'OCCIDENTE (Rif. Codice opera principale : H3902)</subfield>
  </datafield>
  <datafield tag="246" ind1=" " ind2=" ">
    <subfield code="a">SAINTS AND SINNERS - SET OVER NATIONS</subfield>
  </datafield>
  <datafield tag="250" ind1=" " ind2=" ">
    <subfield code="a">Edizione Standard</subfield>
  </datafield>
  <datafield tag="260" ind1=" " ind2=" ">
    <subfield code="a">MILANO (ITALIA)</subfield>
    <subfield code="b">MULTIMEDIA SAN PAOLO / </subfield>
    <subfield code="g">"1999 (1&#xB0; ed.: 2003 ; Ed. Lingua Orig.: 1997)"</subfield>
  </datafield>
  <datafield tag="300" ind1=" " ind2=" ">
    <subfield code="a">VHS</subfield>
    <subfield code="b">sonoro, col.</subfield>
    <subfield code="c">60 minuti</subfield>
  </datafield>
  <datafield tag="508" ind1=" " ind2=" ">
    <subfield code="a">"Fotografia: Robert James; Musica: Pook Jocelyn; "</subfield>
  </datafield>
  <datafield tag="511" ind1=" " ind2=" ">
    <subfield code="a">"Narratore:; Marco; Balzarotti"</subfield>
  </datafield>
  <datafield tag="520" ind1=" " ind2=" ">
    <subfield code="a">"LA PIU' RECENTE E COMPLETA STORIA DELLA CHIESA, RACCONTATA DALLA PARTE DEISUCCESSORI DI PIETRO. UNO STRUMENTO CRITICO PER LEGGERE LA VITA DI UN'ISTITUZIONE CHE, DA VENTI SECOLI, CONDIVIDE CON L'UOMO LE GIOIE E LE SPERANZE, LE TRISTEZZE E LE ANGOSCE. UNO SGUARDO ILLUMINANTE SUL PASSATO PER COMPRENDERE I FERMENTI DI NOVITA' DEL TERZO MILLENNIO. 3 EPISODIO: ""ALLA GUIDA DELL'OCCIDENTE"": LE GRANDI SPINTE AL RINNOVAMENTO: LA RIFORMA; CLUNY; GREGORIO VII; ENRICO IV E LA LOTTA PER LE INVESTITURE; INQUISIZIONE E CROCIATE; IL PRIMO CONCLAVE; LA TRANSUSTANZIAZIONE; CONFORMISMO E ORTODOSSIA; FRANCESCO D'ASSISI E L'ERESIA CATARA; BONIFACIO VIII E IL PRIMO GIUBILEO; ANAGNI; IL PERIODO AVIGNONESE; TRE PAPI SIEDONO SUL SOGLIO DI PIETRO; CONCILIO DI COSTANZA ED ELEZIONE DI MARTINO I. CONSULENZA PER L'EDIZIONE ITALIANA: D. FRANCOPIERINI; D. ENNIO APECITI; D. UMBERTO DELL'ORTO. FILM A COLORI. DISTRIBUZIONE MULTIMEDIA SAN PAOLO."</subfield>
  </datafield>
  <datafield tag="538" ind1=" " ind2=" ">
    <subfield code="a">PAL, STEREO</subfield>
  </datafield>
  <datafield tag="546" ind1=" " ind2=" ">
    <subfield code="a">ITALIANO</subfield>
  </datafield>
  <datafield tag="650" ind1=" " ind2=" ">
    <subfield code="a">DOCUMENTARIO</subfield>
    <subfield code="e">FILMS [VHS]</subfield>
    <subfield code="x">Codice MATERIA SPICS: 9960</subfield>
    <subfield code="9">34095</subfield>
  </datafield>
  <datafield tag="700" ind1=" " ind2=" ">
    <subfield code="a">AA.VV. </subfield>
    <subfield code="e">(soggetto)</subfield>
    <subfield code="g">Codice Soggetto SPICS: 12000</subfield>
    <subfield code="9">35594</subfield>
  </datafield>
  <datafield tag="700" ind1=" " ind2=" ">
    <subfield code="a">N.d.</subfield>
    <subfield code="9">35592</subfield>
  </datafield>
  <datafield tag="700" ind1=" " ind2=" ">
    <subfield code="a">Pook Jocelyn</subfield>
    <subfield code="e">(musica)</subfield>
    <subfield code="g">Codice Musica SPICS: 57469</subfield>
    <subfield code="9">35595</subfield>
  </datafield>
  <datafield tag="942" ind1=" " ind2=" ">
    <subfield code="c">VH</subfield>
    <subfield code="2">ddc</subfield>
  </datafield>
  <datafield tag="999" ind1=" " ind2=" ">
    <subfield code="c">106434</subfield>
    <subfield code="d">106434</subfield>
  </datafield>
  <datafield tag="952" ind1=" " ind2=" ">
    <subfield code="0">0</subfield>
    <subfield code="1">0</subfield>
    <subfield code="4">0</subfield>
    <subfield code="6">H_3902_000000000000000</subfield>
    <subfield code="7">1</subfield>
    <subfield code="a">SPICS</subfield>
    <subfield code="b">SPICS</subfield>
    <subfield code="d">2015-01-31</subfield>
    <subfield code="l">0</subfield>
    <subfield code="o">H3902</subfield>
    <subfield code="r">2015-01-31 00:00:00</subfield>
    <subfield code="w">2015-01-31</subfield>
    <subfield code="y">VH</subfield>
    <subfield code="z">Progr. Ins.: 3102 / N.Vol.:1 / Copie: 1 / Pag.:0 / Copia rara: n.d. / date import: 1.2.2015 / By Epidotti, Trombetti, Vaglietti</subfield>
  </datafield>
</record>
